Arctic tale (Record no. 51758)
[ view plain ]
| 000 -LEADER | |
|---|---|
| fixed length control field | 03403cgm a2200769Ka 4500 |
| 003 - CONTROL NUMBER IDENTIFIER | |
| control field | OCoLC |
| 005 - DATE AND TIME OF LATEST TRANSACTION | |
| control field | 20241220121511.0 |
| 007 - PHYSICAL DESCRIPTION FIXED FIELD--GENERAL INFORMATION | |
| fixed length control field | vd cvaizk |
| 008 - FIXED-LENGTH DATA ELEMENTS--GENERAL INFORMATION | |
| fixed length control field | 071003s2007 cau086 g vleng d |
| 001 - CONTROL NUMBER | |
| control field | ocn173650464 |
| 035 ## - SYSTEM CONTROL NUMBER | |
| System control number | (Sirsi) i9781415735473 |
| 040 ## - CATALOGING SOURCE | |
| Original cataloging agency | TEFMT |
| Transcribing agency | TEFMT |
| Modifying agency | TEF |
| -- | RCS |
| -- | UINTA |
| 020 ## - INTERNATIONAL STANDARD BOOK NUMBER | |
| International Standard Book Number | 1415735476 |
| 020 ## - INTERNATIONAL STANDARD BOOK NUMBER | |
| International Standard Book Number | 9781415735473 |
| 024 1# - OTHER STANDARD IDENTIFIER | |
| Standard number or code | 097363471349 |
| 028 42 - PUBLISHER NUMBER | |
| Publisher number | 34713 |
| Source | Paramount Home Entertainment |
| 035 ## - SYSTEM CONTROL NUMBER | |
| System control number | (OCoLC)173650464 |
| 037 ## - SOURCE OF ACQUISITION | |
| Source of stock number/acquisition | Midwest Tape |
| Note | http://www.midwesttapes.com |
| 041 1# - LANGUAGE CODE | |
| Language code of text/sound track or separate title | eng |
| -- | fre |
| -- | spa |
| Language code of summary or abstract/overprinted title or subtitle | eng |
| -- | fre |
| -- | spa |
| Language code of original and/or intermediate translations of text | eng |
| 043 ## - GEOGRAPHIC AREA CODE | |
| Geographic area code | r------ |
| 050 14 - LIBRARY OF CONGRESS CALL NUMBER | |
| Classification number | QL105 |
| Item number | .A73 2007 |
| 082 04 - DEWEY DECIMAL CLASSIFICATION NUMBER | |
| Classification number | 591.70911/3 |
| Edition number | 22 |
| 049 ## - LOCAL HOLDINGS (OCLC) | |
| Holding library | UCLB |
| 092 ## - LOCALLY ASSIGNED DEWEY CALL NUMBER (OCLC) | |
| Classification number | 591.70 |
| 245 00 - TITLE STATEMENT | |
| Title | Arctic tale |
| Medium | [videorecording] / |
| Statement of responsibility, etc | Paramount Classics presents a National Geographic Films production ; produced by Adam Leipzig, Keenan Smart ; narration written by Linda Woolverton and Mose Richards and Kristin Gore ; directed by Adam Ravetch & Sarah Robertson. |
| 260 ## - PUBLICATION, DISTRIBUTION, ETC. (IMPRINT) | |
| Place of publication, distribution, etc | Hollywood, Calif. : |
| Name of publisher, distributor, etc | Paramount Home Entertainment, |
| Date of publication, distribution, etc | 2007. |
| 300 ## - PHYSICAL DESCRIPTION | |
| Extent | 1 videodisc (86 min.) : |
| Other physical details | sd., col. ; |
| Dimensions | 4 3/4 in. |
| 538 ## - SYSTEM DETAILS NOTE | |
| System details note | DVD, region 1, widescreen (16:9, enhanced) presentation; Dolby Digital 5.1 surround, Dolby Digital 2.0 stereo. surround, NTSC. |
| 546 ## - LANGUAGE NOTE | |
| Language note | English (Dolby 5.1, Dolby 2.0), dubbed French (Dolby 5.1) or dubbed Spanish (Dolby 5.1) dialogue, English, French or Spanish subtitles; closed-captioned. |
| 500 ## - GENERAL NOTE | |
| General note | Title from container. |
| 511 0# - PARTICIPANT OR PERFORMER NOTE | |
| Participant or performer note | Narrator, Queen Latifah. |
| 508 ## - CREATION/PRODUCTION CREDITS NOTE | |
| Creation/production credits note | Music, Joby Talbot. |
| 540 ## - TERMS GOVERNING USE AND REPRODUCTION NOTE | |
| Terms governing use and reproduction | This DVD is copy protected. |
| 521 8# - TARGET AUDIENCE NOTE | |
| Target audience note | MPAA rating: G. |
| 520 ## - SUMMARY, ETC. | |
| Summary, etc | Follow Nanu the polar bear cub and Seela the walrus pup through exciting and often dangerous struggles for survival, with only their natural instincts and mothers' guidance to help them face the challenges of a world that is melting around them. |
| 500 ## - GENERAL NOTE | |
| General note | Special features: Making of Arctic tale; "Are we there yet? World adventure: Polar bear spotting" featurette. |
| 650 #0 - SUBJECT ADDED ENTRY--TOPICAL TERM | |
| Topical term or geographic name as entry element | Polar bear |
| Geographic subdivision | Arctic regions. |
| 9 (RLIN) | 6368884 |
| 650 #0 - SUBJECT ADDED ENTRY--TOPICAL TERM | |
| Topical term or geographic name as entry element | Walrus |
| Geographic subdivision | Arctic regions. |
| 9 (RLIN) | 6508284 |
| 650 #0 - SUBJECT ADDED ENTRY--TOPICAL TERM | |
| Topical term or geographic name as entry element | Instinct. |
| 9 (RLIN) | 86049 |
| 650 #0 - SUBJECT ADDED ENTRY--TOPICAL TERM | |
| Topical term or geographic name as entry element | Polar bear. |
| 9 (RLIN) | 6179758 |
| 650 #0 - SUBJECT ADDED ENTRY--TOPICAL TERM | |
| Topical term or geographic name as entry element | Walrus. |
| 9 (RLIN) | 6179759 |
| 650 #7 - SUBJECT ADDED ENTRY--TOPICAL TERM | |
| Topical term or geographic name as entry element | Animales |
| Geographic subdivision | Arctic regions. |
| Source of heading or term | bidex |
| 9 (RLIN) | 6508285 |
| 650 #7 - SUBJECT ADDED ENTRY--TOPICAL TERM | |
| Topical term or geographic name as entry element | Instinto |
| Geographic subdivision | Arctic regions. |
| Source of heading or term | bidex |
| 9 (RLIN) | 6508286 |
| 650 #7 - SUBJECT ADDED ENTRY--TOPICAL TERM | |
| Topical term or geographic name as entry element | Polar bear |
| Geographic subdivision | Arctic regions. |
| Source of heading or term | sears |
| 9 (RLIN) | 6368884 |
| 650 #7 - SUBJECT ADDED ENTRY--TOPICAL TERM | |
| Topical term or geographic name as entry element | Walrus |
| Geographic subdivision | Arctic regions. |
| Source of heading or term | sears |
| 9 (RLIN) | 6508284 |
| 650 #7 - SUBJECT ADDED ENTRY--TOPICAL TERM | |
| Topical term or geographic name as entry element | Instinct. |
| Source of heading or term | sears |
| 9 (RLIN) | 86049 |
| 655 #0 - INDEX TERM--GENRE/FORM | |
| Genre/form data or focus term | Television programs. |
| 9 (RLIN) | 6179762 |
| 655 #0 - INDEX TERM--GENRE/FORM | |
| Genre/form data or focus term | Documentary television programs. |
| 9 (RLIN) | 6179763 |
| 655 #0 - INDEX TERM--GENRE/FORM | |
| Genre/form data or focus term | Television programs for the hearing impaired. |
| 9 (RLIN) | 5673659 |
| 655 #7 - INDEX TERM--GENRE/FORM | |
| Genre/form data or focus term | Documentary |
| Form subdivision | Television special. |
| Source of term | local |
| 9 (RLIN) | 6498784 |
| 655 #7 - INDEX TERM--GENRE/FORM | |
| Genre/form data or focus term | Animal |
| Form subdivision | Television special. |
| Source of term | local |
| 9 (RLIN) | 6508287 |
| 700 1# - ADDED ENTRY--PERSONAL NAME | |
| Personal name | Leipzig, Adam. |
| 9 (RLIN) | 56518 |
| 700 1# - ADDED ENTRY--PERSONAL NAME | |
| Personal name | Smart, Keenan. |
| 9 (RLIN) | 56519 |
| 700 1# - ADDED ENTRY--PERSONAL NAME | |
| Personal name | Woolverton, Linda. |
| 9 (RLIN) | 25575 |
| 700 1# - ADDED ENTRY--PERSONAL NAME | |
| Personal name | Richards, Mose. |
| 9 (RLIN) | 20168 |
| 700 1# - ADDED ENTRY--PERSONAL NAME | |
| Personal name | Gore, Kristin, |
| Dates associated with a name | 1977- |
| 9 (RLIN) | 53138 |
| 700 1# - ADDED ENTRY--PERSONAL NAME | |
| Personal name | Ravetch, Adam. |
| 9 (RLIN) | 56191 |
| 700 1# - ADDED ENTRY--PERSONAL NAME | |
| Personal name | Robertson, Sarah. |
| 9 (RLIN) | 56192 |
| 700 0# - ADDED ENTRY--PERSONAL NAME | |
| Personal name | Latifah, |
| Titles and other words associated with a name | Queen. |
| 9 (RLIN) | 37461 |
| 710 2# - ADDED ENTRY--CORPORATE NAME | |
| Corporate name or jurisdiction name as entry element | Paramount Classics (Firm) |
| 9 (RLIN) | 70714 |
| 710 2# - ADDED ENTRY--CORPORATE NAME | |
| Corporate name or jurisdiction name as entry element | National Geographic Films (Firm) |
| 9 (RLIN) | 6179766 |
| 710 2# - ADDED ENTRY--CORPORATE NAME | |
| Corporate name or jurisdiction name as entry element | National Geographic Society (U.S.) |
| 9 (RLIN) | 7184 |
| 710 2# - ADDED ENTRY--CORPORATE NAME | |
| Corporate name or jurisdiction name as entry element | Paramount Home Entertainment (Firm) |
| 9 (RLIN) | 72161 |
| 942 ## - ADDED ENTRY ELEMENTS (KOHA) | |
| Koha item type | DVD |
| 994 ## - | |
| -- | C0 |
| -- | UINTA |
| 998 ## - LOCAL CONTROL INFORMATION (RLIN) | |
| -- | a112029 |
| Withdrawn status | Lost status | Source of classification or shelving scheme | Damaged status | Not for loan | Collection code | Home library | Current library | Shelving location | Date acquired | Source of acquisition | Total Checkouts | Total Renewals | Full call number | Barcode | Date last seen | Date checked out | Cost, replacement price | Price effective from | Koha item type |
|---|---|---|---|---|---|---|---|---|---|---|---|---|---|---|---|---|---|---|---|
| Dewey Decimal Classification | Movies | Wasatch County Library | Wasatch County Library | Audio Visual Area | 11/02/2021 | Donation | 7 | 12 | DVD 591 Arc | 34301001884479 | 07/04/2025 | 06/17/2025 | 6.99 | 11/02/2021 | DVD |
